书目信息 |
| 题名: |
后工业时代产业建筑遗产保护更新
|
|
| 作者: | 王建国 著 | |
| 分册: | ||
| 出版信息: | 北京 中国建筑工业出版社 2007 |
|
| 页数: | 191页 | |
| 开本: | 20cm | |
| 丛书名: | ||
| 单 册: | ||
| 中图分类: | TU-87 | |
| 科图分类: | ||
| 主题词: | 建筑艺术--作品--文物 , 建筑艺术--作品--文物修整 , 建筑艺术--作品--文物复制 , 仿古建筑 | |
| 电子资源: | ||
| ISBN: | 7-112-09490-9 | |
| 000 | 00745nam0 2200229 450 | |
| 001 | 2260522199 | |
| 005 | 20221010165140.88 | |
| 010 | @a7-112-09490-9@dCNY88.00 | |
| 100 | @a20221010d2007 km y0chiy0120 ea | |
| 101 | 0 | @achi |
| 102 | @aCN@b110000 | |
| 200 | 1 | @a后工业时代产业建筑遗产保护更新@AHou Gong Ye Shi Dai Chan Ye Jian Zhu Yi Chan Bao Hu Geng Xin@f王建国等著@FWang Jian Guo Deng Zhu |
| 210 | @a北京@c中国建筑工业出版社@d2007 | |
| 215 | @a191页@d20cm | |
| 606 | 0 | @a建筑艺术@x作品@x文物 |
| 606 | 0 | @a建筑艺术@x作品@x文物修整 |
| 606 | 0 | @a建筑艺术@x作品@x文物复制 |
| 606 | 0 | @a仿古建筑 |
| 690 | @aTU-87@v4 | |
| 701 | 0 | @a王建国@AWang Jian Guo@4著 |
| 801 | 0 | @aCN@b大连网信软件有限公司图书馆·11@c20221010 |
| 905 | @aZUCC@dTU-87@eZY11 | |
| 后工业时代产业建筑遗产保护更新/王建国等著.-北京:中国建筑工业出版社,2007 |
| 191页;20cm |
| ISBN 7-112-09490-9:CNY88.00 |
| ● |
| 相关链接 |
|
|
|
|
正题名:后工业时代产业建筑遗产保护更新
索取号:TU-87/ZY11
 
预约/预借
| 序号 | 登录号 | 条形码 | 馆藏地/架位号 | 状态 | 备注 |
| 1 | 7905220 | 279052203 | 密集书库-资源管理系/ [索取号:TU-87/ZY11] | 在馆 |